World Cities: Saint, San, or Santa? Quiz Stats

 Plays Quiz Updated Feb 19, 2018

Challenge
Share
Tweet
Embed
Score 0/18 Timer 03:00
12 Plays Today
Question Answer Wrong Answers
__ Francisco, USA San
97.8%
Saint/St
0.4%
Santa
0.1%
__ John's, Canada Saint/St
97.4%
San
0.7%
Santa
0.3%
__ Petersburg, Russia Saint/St
97.4%
San
0.9%
Santa
0.2%
__ Antonio, USA San
97.2%
Saint/St
1.1%
Santa
0.2%
__ Helens, UK Saint/St
96.9%
San
1%
Santa
0.6%
__ José, Costa Rica San
96.7%
Saint/St
0.9%
Santa
0.9%
__ Fe, Argentina Santa
96.1%
Saint/St
1.1%
San
1.3%
__ Paul, USA Saint/St
94.5%
San
2.9%
Santa
1.2%
__ Clara, Cuba Santa
91.5%
Saint/St
3%
San
4.1%
__ Bernardo, Chile San
89.2%
Saint/St
5.5%
Santa
3.9%
__-Étienne, France Saint/St
88.4%
San
8.1%
Santa
2%
__ Cruz de la Sierra, Bolivia Santa
88.1%
Saint/St
2.9%
San
7.4%
__ Carlos City, Philippines San
80.1%
Saint/St
9.9%
Santa
8.4%
__ Rosa City, Philippines Santa
79%
Saint/St
6.5%
San
13.1%
__ Rita, Brazil Santa
78.3%
Saint/St
6.1%
San
14.2%
__-Denis, Réunion Saint/St
76.5%
San
16.5%
Santa
5.4%
__ Cristóbal, Dominican Republic San
76.2%
Saint/St
12.7%
Santa
9.5%
__ Marta, Colombia Santa
69.2%
Saint/St
8.5%
San
20.8%

You're not logged in!

Compare scores with friends on all Sporcle quizzes.
Join for Free
OR
Log In

You Might Also Like...

Show Comments

Extras

Top Quizzes Today


Score Distribution

Your Account Isn't Verified!

In order to create a playlist on Sporcle, you need to verify the email address you used during registration. Go to your Sporcle Settings to finish the process.

Report this User

Report this user for behavior that violates our Community Guidelines.

Details: